000 00567nam a2200205Ia 4500
008 131103s9999 xx 000 0 und d
020 _a070690625X
040 _aLoreto College
041 _aEnglish
082 _a791.4/VAS
_bLCLIB/25614
100 _aVasudev,Aruna
245 _aLiberty and licence in the Indian Cinema
_cAruna Vasudev
260 _aNew Delhi
_bVikar Pub.
_c1978
300 _axvii,221 p.
_c 23 cm.
504 _aIncludes bibliographical references and index
650 _aFilm
651 _aMotion Picture
850 _aLCLIB
942 _cBK
999 _c7217
_d57696